Atmung und Hämoglobin - Statistiken

Allgemein
  • Dieses Quiz wurde 7 mal gespielt
  • Das Durchschnittsergebnis liegt bei 3 aus 11
Antwortstatistiken
Antwort Hint % Korrekt
Hämoglobin Protein mit geringerer O2-Affinität im Gewebe und O2-Abgabe
100%
HCO3- wichtiges Transportprodukt beim CO2-Transport
50%
Kohlensäure Form, in die CO2 im Erythrozyten umgewandelt wird
50%
Myoglobin Protein mit hoher O2-Affinität im Gewebe
50%
Temperaturerhöhung senkt die O2-Affinität des Hämoglobins
50%
2,3-DPG verschiebt die O2-Bindungskurve des Hämoglobins nach rechts
0%
α-Aminogruppe am N-terminalen Ende Ort am Hämoglobin, an dem CO2 bindet
0%
Carboanhydrase wichtiges Enzym beim CO2-Transport
0%
Erhöhung des CO2-Partialdrucks senkt die O2-Affinität des Hämoglobins
0%
pH-Abnahme senkt die O2-Affinität des Hämoglobins
0%
zwei α- und zwei β-Untereinheiten Bau des Hämoglobinmoleküls
0%
Keine übereinstimmenden Quizze gefunden
Verteilung der Resultate
Anzahl Personen mit jedem Resultat
Perzentil nach korrekt beantworteten Fragen
Ihre Resultats-Entwicklung
Sie haben dieses Quiz noch nicht gespielt